Younger or Older? Quiz Stats

 Plays Quiz Updated Apr 10, 2015

Challenge
Share
Tweet
Embed
Score 0/20 Timer 04:00
0 Plays Today
Is this person... Younger or Older % Correct
George Clooney???
85.2%
Orlando Bloom???
84.3%
Madonna???
78.5%
Justin Bieber???
72.1%
Jay Leno???
70.7%
Taylor Swift???
70.2%
Stephen King???
67.3%
Natalie Portman???
65%
Joe Montana???
64.2%
George Lucas???
61%
Is this person... Younger or Older % Correct
Daniel Radcliffe???
59.3%
Jon Bon Jovi???
57.2%
Donald Sutherland???
57%
Courteney Cox???
53.7%
Donald Trump???
53.6%
Ringo Starr???
50.7%
Betty White???
50.1%
David Cameron???
48.5%
Steve Wozniak???
46.7%
Aretha Franklin???
30.3%

You're not logged in!

Compare scores with friends on all Sporcle quizzes.
OR
Log In

You Might Also Like...

Show Comments

Extras

Top Quizzes Today


Score Distribution

Your Account Isn't Verified!

In order to create a playlist on Sporcle, you need to verify the email address you used during registration. Go to your Sporcle Settings to finish the process.

Report this User

Report this user for behavior that violates our Community Guidelines.

Details: